000 00435nam a2200181Ia 4500
008 230725s2000 xx 000 0 und d
041 _aeng
082 _a615.19
_bHIG/ BRA
100 _aHIGUCHI , BRACHMAN
245 _aPHARMACEUTICAL ANALYSIS
260 _bC.B.S. PUBLISHERS & DISTRUTORS
_c2000
300 _a854
365 _h23
500 _aTEXT BOOK
501 _aPA
520 _aPB
650 _aPHARMACEUTICAL ANALYSIS
999 _c768179
_d768179